| 000 -LEADER |
| fixed length control field |
00580cam a2200193 a 4500 |
| 020 ## - INTERNATIONAL STANDARD BOOK NUMBER |
| ISBN |
0909605696 |
| 040 ## - CATALOGING SOURCE |
| Transcribing agency |
DLC |
| 082 00 - DEWEY DECIMAL CLASSIFICATION NUMBER |
| Classification number |
665 LNK 1991 A106 Or. |
| 245 00 - TITLE STATEMENT |
| Title |
Eucalyptus leaf oils : |
| Remainder of title |
use, chemistry, distillation, and marketing / |
| 260 ## - PUBLICATION, DISTRIBUTION, ETC. (IMPRINT) |
| Place of publication |
Melbourne : |
| Name of publisher |
Inkata Press, |
| Year of publication |
1991. |
| 300 ## - PHYSICAL DESCRIPTION |
| Number of Pages |
xii, 252 p. : |
| Other physical details |
ill., maps ; |
| Dimensions |
26 cm. |
| 650 #0 - SUBJECT ADDED ENTRY--TOPICAL TERM |
| Topical Term |
Eucalyptus oil. |
| 700 1# - ADDED ENTRY--PERSONAL NAME |
| Personal name |
Boland, D. J. |
| 700 1# - ADDED ENTRY--PERSONAL NAME |
| Personal name |
Brophy, J. J. |
| 700 1# - ADDED ENTRY--PERSONAL NAME |
| Personal name |
House, A. P. N. |
| 710 2# - ADDED ENTRY--CORPORATE NAME |
| Corporate name or jurisdiction name as entry element |
Australian Centre for International Agricultural Research. |
| 710 2# - ADDED ENTRY--CORPORATE NAME |
| Corporate name or jurisdiction name as entry element |
CSIRO (Australia) |
| 942 ## - ADDED ENTRY ELEMENTS (KOHA) |
| Koha item type |
សៀវភៅភាសាអង់គ្លេស |
| 952 ## - LOCATION AND ITEM INFORMATION (KOHA) |
| Withdrawn status [LOCAL, KOHA] |
0 |